Normal view
MARC view
Entry Topical Term
001 - CONTROL NUMBER
- control field: 4017
003 - CONTROL NUMBER IDENTIFIER
- control field: BD-DhEWU
005 - DATE AND TIME OF LATEST TRANSACTION
- control field: 20140222041707.0
008 - FIXED-LENGTH DATA ELEMENTS
- fixed length control field: 140222|| aca||aabn | a|a d
040 ## - CATALOGING SOURCE
- Original cataloging agency: BD-DhEWU
- Transcribing agency: BD-DhEWU
150 ## - HEADING--TOPICAL TERM
- Topical term or geographic name as entry element: Sociolinguistics.
670 ## - SOURCE DATA FOUND
- Source citation: Work cat.: (BD-DhEWU)3693: Holmes, Janet. 4015, Introduction to sociolinguistics /, c2001.